Normal view
MARC view
Entry Topical Term
001 - CONTROL NUMBER
- control field: 8868
003 - CONTROL NUMBER IDENTIFIER
- control field: ARRUPE
005 - DATE AND TIME OF LATEST TRANSACTION
- control field: 20140221135752.0
008 - FIXED-LENGTH DATA ELEMENTS
- fixed length control field: 140221|| aca||aabn | a|a d
040 ## - CATALOGING SOURCE
- Original cataloging agency: ARRUPE
- Transcribing agency: ARRUPE
150 ## - HEADING--TOPICAL TERM
- Topical term or geographic name as entry element: Gregorian chants
- General subdivision: History and criticism.
670 ## - SOURCE DATA FOUND
- Source citation: Work cat.: (ARRUPE)0: Murray, Gregory, 1905- [from old catalog] 8867, Accentual cadences in Gregorian chant., [1958]